Statistiken für Tessin: Gemeinden nach Einwohnerzahl

Klicken Sie hier um das Quiz zu spielen!

Allgemein

  • Dieses Quiz wurde 30 mal gespielt
  • Das Durchschnittsergebnis liegt bei 7 aus 15

Antwortstatistiken

EinwohnerzahlBezirkGemeinde% Korrekt
62'315-Lugano
100%
43'360-Bellinzona
94%
15'728-Locarno
94%
5554LocarnoAscona
81%
14'902-Mendrisio
81%
7581MendrisioChiasso
75%
6094RivieraBiasca
44%
7356LocarnoMinusio
44%
6647LocarnoLosone
38%
5024BellinzonaArbedo-Castione
19%
5163LocarnoGambarogno
19%
4650LocarnoGordola
13%
6272LuganoMassagno
13%
4604LuganoCollina d'Oro
6%
6755LuganoCapriasca
0%

Verteilung der Resultate

Perzentil nach korrekt beantworteten Fragen

Anzahl Personen mit jedem Resultat

Ihre Resultats-Entwicklung

Sie haben dieses Quiz noch nicht gespielt